III Convencin̤ de Derecho Pb︢lico

Detalles Bibliográficos
Autor principal: Garca̕ Rivera, Esther Paola
Formato: Libro
Lenguaje:español
Publicado: Lima: Palestra Editores, 2016
Materias:
Acceso en línea:Acceso restringido

MARC

LEADER 00000nam a22000007a 4500
005 20190819165722.0
007 cr|||| ||||
008 190819s2016 pe |||||r|||| 00||0 spa d
020 |a 978-612-4218-61-3 
035 |a 24124 
040 |a vLex 
090 |c 9238  |d 9238 
100 1 |a Garca̕ Rivera, Esther Paola 
245 1 0 |a III Convencin̤ de Derecho Pb︢lico  |h [Recurso electrn̤ico] /  |c Esther Paola Garca̕ Rivera 
256 |a Servicio en ln̕ea 
260 |a Lima:  |b Palestra Editores,  |c 2016 
300 |a 1 recurso electrn̤ico 
506 1 |a Disponible solo en los productos indicados  |d vLex Global  |d vLex Global (Academic Edition, excluding Law Schools)  |d vLex Global (U.S. Academic Edition, Law Schools)  |d vLex Global (U.S. Academic Edition, excluding Law Schools)  |d vLex Global (Academic Edition, Law Schools) 
650 0 4 |a Derecho Pb︢lico y Administrativo  |z Per︢ 
740 0 |a vLex Libros (Servicio en ln̕ea) 
856 4 0 |u http://vlex.com/source/iii-convencion-derecho-publico-24124  |z Acceso restringido 
942 |c BOOK 
999 0 |a Public and Administrative Law